| 000 | 00979nam a2200301 i 4500 | ||
|---|---|---|---|
| 001 | 53986 | ||
| 003 | ES-MaACL | ||
| 005 | 20230906162853.0 | ||
| 007 | t| | ||
| 008 | 031120s2001 sp af |||| | spa d | ||
| 020 | _a84-344-6644-9 | ||
| 080 | _a291.612(4) | ||
| 080 | _a75.031.1(4) | ||
| 100 | 1 |
_aClottes, Jean. _939297 |
|
| 245 | 1 | 4 |
_aLos chamanes de la prehistoria / _cJean Clottes, David Lewis-Williams ; revisión técnica, María Àngels Petit ; [traducción, Javier López Cachero]. |
| 250 | _a1ª ed. | ||
| 260 |
_aBarcelona : _bAriel, _c2001. |
||
| 300 |
_a176 p., [8] h. de lám : _bil ; _c23 cm. |
||
| 490 | 1 | _aAriel prehistoria | |
| 504 | _aBibliografía. | ||
| 650 | 1 | 4 |
_aChamanismo- _zEuropa. _910914 |
| 650 | 4 |
_aPintura rupestre- _zEuropa. _916084 |
|
| 700 | 1 |
_aLewis-Williams, David. _972077 |
|
| 700 | 1 |
_aPetit i Mendizàbal, Maria Àngels. _9151266 |
|
| 830 | 0 |
_aAriel prehistoria _9183187 |
|
| 852 |
_aES-MaACL _jL-26703 |
||
| 999 |
_c53986 _d53986 |
||